[Event "LSS RN-2009-0-00196"]
[Site "LSS email"]
[Date "2009.03.11"]
[Round "?"]
[White "Cuervo, Chris"]
[Black "Trevis, Robert R"]
[Result "0-1"]
[WhiteElo "1024"]
[BlackElo "972"]
[PlyCount "54"]
[EventDate "2009.02.27"]
[EventType "tourn (corr)"]
[EventRounds "6"]
[EventCountry "GER"]
[SourceTitle "Corr 2011"]
[Source "ChessBase"]
[SourceDate "2010.08.31"]
[SourceVersion "1"]
[SourceVersionDate "2010.08.31"]
[SourceQuality "1"]

1. e4 e5 2. Nf3 Nc6 3. Bb5 a6 4. Ba4 Nf6 5. 0-0 Nxe4 6. d4 b5 7. Bb3 d5 8. dxe5 Be6 9. Be3 Nc5 10. Nc3 Nxb3 11. axb3 Be7 12. Qd2 0-0 13. Rfd1 f6 14. Nxd5 fxe5 15. Nxe7+ Qxe7 16. Qc3 Bd7 17. Bc5 Rxf3 18. Qxf3 Qxc5 19. Rxd7 Rf8 20. Qd5+ Qxd5 21. Rxd5 Nb4 22. Rxe5 Nxc2 23. Rxa6 Rd8 24. h4 Nd4 25. Re7 c5 26. Raa7 Nf5 27. Rf7 Rf8 0-1

[Event "LSS OP-2009-0-00783"]
[Site "LSS email"]
[Date "2009.03.09"]
[Round "?"]
[White "Albesa, Lautaro"]
[Black "Cuervo, Chris"]
[Result "1-0"]
[WhiteElo "782"]
[BlackElo "1024"]
[PlyCount "33"]
[EventDate "2009.03.05"]
[EventType "tourn (corr)"]
[EventRounds "4"]
[EventCountry "GER"]
[SourceTitle "Corr 2011"]
[Source "ChessBase"]
[SourceDate "2010.08.31"]
[SourceVersion "1"]
[SourceVersionDate "2010.08.31"]
[SourceQuality "1"]

1. e4 g6 2. d4 Bg7 3. f4 d6 4. Nc3 Nc6 5. Be3 Nf6 6. Nf3 0-0 7. Qd2 e5 8. dxe5 dxe5 9. Qxd8 Rxd8 10. Bd3 Be6 11. 0-0 Ng4 12. Bd2 exf4 13. Ng5 Bd4+ 14. Kh1 Nf2+ 15. Rxf2 Bxf2 16. Nxe6 fxe6 17. Bxf4 1-0